ARRUPE JESUIT UNIVERSITY

CORONAVIRUS -STOP THE SPREAD - CLEAN,DISINFECT,COVER

Compendium of the social doctrine of the church / (Record no. 131113)

MARC details
000 -LEADER
fixed length control field 01874cam a2200337 a 4500
001 - CONTROL NUMBER
control field 14194174
003 - CONTROL NUMBER IDENTIFIER
control field ARRUPE
005 - DATE AND TIME OF LATEST TRANSACTION
control field 20211104105256.0
008 - FIXED-LENGTH DATA ELEMENTS--GENERAL INFORMATION
fixed length control field 051209s2004 dcu b 001 0 eng d
010 ## - LIBRARY OF CONGRESS CONTROL NUMBER
LC control number 2005301291
020 ## - INTERNATIONAL STANDARD BOOK NUMBER
International Standard Book Number 1574556924 (pbk.)
035 ## - SYSTEM CONTROL NUMBER
System control number (OCoLC)ocm58567057
040 ## - CATALOGING SOURCE
Original cataloging agency VYK
Transcribing agency VYK
Modifying agency MNY
-- DIV
-- BAKER
-- DLC
041 1# - LANGUAGE CODE
Language code of text/sound track or separate title eng
Language code of original and/or intermediate translations of text lat
042 ## - AUTHENTICATION CODE
Authentication code lccopycat
050 00 - LIBRARY OF CONGRESS CALL NUMBER
Classification number BX1753
Item number .C3713 2004
082 00 - DEWEY DECIMAL CLASSIFICATION NUMBER
Classification number 261.8088/282
Edition number 22
300 ## - PHYSICAL DESCRIPTION
Dimensions 23 cm.
110 2# - MAIN ENTRY--CORPORATE NAME
Corporate name or jurisdiction name as entry element Catholic Church.
Subordinate unit Pontificium Consilium de Iustitia et Pace.
9 (RLIN) 50995
245 10 - TITLE STATEMENT
Title Compendium of the social doctrine of the church /
Statement of responsibility, etc Pontifical Council for Justice and Peace.
260 ## - PUBLICATION, DISTRIBUTION, ETC. (IMPRINT)
Place of publication, distribution, etc Cittá del Vaticano :
Name of publisher, distributor, etc Libreria Editrice Vaticana ;
Place of publication, distribution, etc Washington, D.C. :
Name of publisher, distributor, etc [Distributed by] United States Conference of Catholic Bishops,
Date of publication, distribution, etc c2004
Date of manufacture (2005 printing)
300 ## - PHYSICAL DESCRIPTION
Extent xxii, 446 p. ;
490 1# - SERIES STATEMENT
Series statement Publication (USCCB Publishing) ;
Volume number/sequential designation no. 5-692
504 ## - BIBLIOGRAPHY, ETC. NOTE
Bibliography, etc Includes bibliographical references and indexes.
505 0# - FORMATTED CONTENTS NOTE
Formatted contents note Introduction : An integral and solidary humanism -- God's plan of love for humanity -- The church's mission and social doctrine -- The human person and human rights -- Principles of the church's social doctrine -- The family, the vital cell of society -- Human work -- Economic life -- The political community -- The international community -- Safeguarding the environment -- The promotion of peace -- Social doctrine and ecclesial action -- For a civilization of love.
610 20 - SUBJECT ADDED ENTRY--CORPORATE NAME
Corporate name or jurisdiction name as entry element Catholic Church
General subdivision Doctrines.
650 #0 - SUBJECT ADDED ENTRY--TOPICAL TERM
Topical term or geographic name as entry element Christian sociology
General subdivision Catholic Church.
830 #0 - SERIES ADDED ENTRY--UNIFORM TITLE
Uniform title Publication (United States Catholic Conference. Office of Publishing and Promotion Services) ;
Volume number/sequential designation no. 5-692.
9 (RLIN) 50996
906 ## - LOCAL DATA ELEMENT F, LDF (RLIN)
a 7
b cbc
c copycat
d 2
e ncip
f 20
g y-gencatlg
942 ## - ADDED ENTRY ELEMENTS (KOHA)
Source of classification or shelving scheme Library of Congress Classification
Koha item type Monograph ( Printed materials)
Holdings
Withdrawn status Lost status Source of classification or shelving scheme Damaged status Not for loan Collection code Home library Current library Shelving location Date acquired Total Checkouts Full call number Barcode Date last seen Price effective from Koha item type
    Library of Congress Classification     Main Collection ARRUPE LIBRARY ARRUPE LIBRARY Main Collection 04/11/2021   BX1753 .C3713 2004 46600007111 30/05/2022 04/11/2021 Monograph ( Printed materials)

 

Arrupe Library. PO Box MP320 Mt Pleasant, Harare, Zimbabwe
263 242 745411|librarian@aju.ac.zw